Teoria basica de la indemnizacion : (Registro nro. 20079)

Detalles MARC
000 -LEADER
fixed length control field 01245nam a2200289 4500
001 - CONTROL NUMBER
control field 0000013940
003 - CONTROL NUMBER IDENTIFIER
control field CO-CtgCURN
005 - DATE AND TIME OF LATEST TRANSACTION
control field 20250513141423.0
007 - PHYSICAL DESCRIPTION FIXED FIELD--GENERAL INFORMATION
fixed length control field ta
008 - FIXED-LENGTH DATA ELEMENTS--GENERAL INFORMATION
fixed length control field 160627s2000 000 0 eng d
020 ## - INTERNATIONAL STANDARD BOOK NUMBER
International Standard Book Number 958690234X
040 ## - CATALOGING SOURCE
Original cataloging agency CO-CtgCURN
Language of cataloging spa
Transcribing agency coctgcurn
082 0# - DEWEY DECIMAL CLASSIFICATION NUMBER
Classification number 346.02
Item number Q84te
100 1# - MAIN ENTRY--PERSONAL NAME
Personal name Quintero de Prieto, Beatriz.
245 10 - TITLE STATEMENT
Title Teoria basica de la indemnizacion :
Remainder of title manual de reponsabilidad Civil /
Statement of responsibility, etc. Beatriz Quintero de Prieto.
250 ## - EDITION STATEMENT
Edition statement 3a ed.
260 ## - PUBLICATION, DISTRIBUTION, ETC.
Place of publication, distribution, etc. Bogotá :
Name of publisher, distributor, etc. Leyer,
Date of publication, distribution, etc. 2000.
300 ## - PHYSICAL DESCRIPTION
Extent 152 p.
336 ## - CONTENT TYPE
Source rdacontent
337 ## - MEDIA TYPE
Source rdamedia
Media type term sin mediacion
Media type code n
338 ## - CARRIER TYPE
Source rdacarrier
Carrier type term volumen
Carrier type code nc
505 8# - FORMATTED CONTENTS NOTE
Formatted contents note Teoria basica de la indemnizacion.--Elementos de la responsabilidad.--La imputabilidad.--Toeria de la garantia.--Responsabilidad civil precontractual.--Responsabilidad por riesgo.--Caractericticas del daño.--El daño moral.--El daño material.--Generalidades del contrato de transporte.--El transporte como servicio publico.--Naturaleza del contrato de transporte
650 14 - SUBJECT ADDED ENTRY--TOPICAL TERM
Topical term or geographic name entry element Responsabilidad civil
General subdivision Manuales
Geographic subdivision Colombia.
908 ## - PUT COMMAND PARAMETER (RLIN)
Put command parameter 160627
942 ## - ADDED ENTRY ELEMENTS (KOHA)
Koha item type Libros
Classification part 346.02
Item part Q84te
Source of classification or shelving scheme Dewey Decimal Classification
Suppress in OPAC No
Existencias
Withdrawn status Lost status Source of classification or shelving scheme Damaged status Not for loan Collection Home library Current library Shelving location Date acquired Inventory number Total checkouts Full call number Barcode Date last seen Copy number Price effective from Koha item type Public note
    Dewey Decimal Classification     General Miguel Henríquez Castañeda Miguel Henríquez Castañeda General 03/31/2025 004587   346.02 Q84te 004587 03/31/2025 ej.1 03/31/2025 Libros 340-DEREC